000
00325nam a22001337a 4500
008
170526b xxu||||| |||| 00| 0 eng d
020
_a
9780830631452
041
_a
eng
080
_2
2ND
_a
621.38
100
_a
25
101
_a
IM
245
_a
TIPS AND TECHNIQUES FOR ELECTRONICS EXPERIMENTERS
_c
TUITE ,D
942
_2
udc
_c
BK
999
_c
14403
_d
14403